Welcome to CU Library Online Public Access Catalogue (OPAC)

Evidence: The Cavendish Q & A Series (Record no. 5517)

MARC details
000 -LEADER
fixed length control field 00493nam a22001697a 4500
005 - DATE AND TIME OF LATEST TRANSACTION
control field 20250423190626.0
008 - FIXED-LENGTH DATA ELEMENTS--GENERAL INFORMATION
fixed length control field 250423b |||||||| |||| 00| 0 eng d
020 ## - INTERNATIONAL STANDARD BOOK NUMBER
International Standard Book Number 9781859412671
050 ## - LIBRARY OF CONGRESS CALL NUMBER
Classification number K7665
Item number 1996
100 ## - MAIN ENTRY--PERSONAL NAME
Personal name Allen, Christopher
245 ## - TITLE STATEMENT
Title Evidence: The Cavendish Q & A Series
260 ## - PUBLICATION, DISTRIBUTION, ETC.
Place of publication, distribution, etc. London:
Name of publisher, distributor, etc. Cavendish Publications Limited
Date of publication, distribution, etc. c1996
300 ## - PHYSICAL DESCRIPTION
Extent xxvii, 249pp
Dimensions 24cm
500 ## - GENERAL NOTE
General note Includes selected bibliography, index
650 ## - SUBJECT ADDED ENTRY--TOPICAL TERM
Source of heading or term Law of Evidence
942 ## - ADDED ENTRY ELEMENTS (KOHA)
Source of classification or shelving scheme Library of Congress Classification
Koha item type Books
Suppress in OPAC No
999 ## -
-- 5517
-- 5517
Holdings
Withdrawn status Lost status Source of classification or shelving scheme Damaged status Not for loan Collection Home library Current library Shelving location Date acquired Total checkouts Full call number Barcode Date last seen Copy number Price effective from Koha item type
    Library of Congress Classification     Non-fiction Law Library (Christ Temple) Law Library (Christ Temple) General stacks 04/23/2025   K7665 ALL LLCT00000588 04/23/2025 1 04/23/2025 Books
© 2023-2024 Copyright: Central University Libraries. All Rights Reserved | Created by: Mahone Tech Office